[Event "TUR-ch"]
[Site "Antalya"]
[Date "2013.02.02"]
[Round "1"]
[White "Guvenli, Mustafa"]
[Black "Gurel, Ahmet Unal"]
[Result "0-1"]
[WhiteElo "1612"]
[BlackElo "1995"]
[PlyCount "32"]
[EventDate "2013.02.02"]
[EventType "swiss"]
[EventRounds "11"]
[EventCountry "TUR"]
[SourceTitle "CBM 152 Extra"]
[Source "ChessBase"]
[SourceDate "2013.02.25"]
[SourceVersion "1"]
[SourceVersionDate "2013.02.25"]
[SourceQuality "1"]

1. e4 e5 2. Nf3 Nc6 3. c3 Nf6 4. Qc2 d5 5. Bb5 dxe4 6. Nxe5 Qd5 7. Bxc6+ bxc6
8. Qa4 Qxe5 9. Qxc6+ Kd8 10. Qxa8 Bc5 11. O-O Ng4 12. g3 Re8 13. Kg2 Qf5 14. f3
Nxh2 15. Qxc8+ Kxc8 16. Kxh2 Qh5+ 0-1

[Event "Campionat de Veterans de Tarragona 2013"]
[Site "Cambrils"]
[Date "2013.01.31"]
[Round "1.6"]
[White "Menchon Lopez, Ricardo"]
[Black "Costa Berengue, Joan"]
[Result "0-1"]
[WhiteElo "1557"]
[BlackElo "1862"]
[PlyCount "58"]
[EventDate "2013.01.31"]
[EventRounds "8"]
[EventCountry "ESP"]
[SourceTitle "OM OTB B 201907"]
[Source "Opening Master"]
[SourceDate "2019.07.06"]
[SourceVersion "2"]
[SourceVersionDate "2019.07.06"]
[SourceQuality "1"]

1. e4 e5 2. Nf3 Nc6 3. c3 Nf6 4. d3 d5 5. Bg5 dxe4 6. Bxf6 Qxf6 7. dxe4 Bg4 8.
Be2 Bc5 9. O-O O-O 10. b4 Bb6 11. a4 a6 12. Qc2 Rfd8 13. Nbd2 Ne7 14. Nc4 Bxf3
15. Nxb6 cxb6 16. Bxf3 Ng6 17. Rad1 Nh4 18. Rxd8+ Rxd8 19. Rd1 Nxf3+ 20. gxf3
h6 21. Rxd8+ Qxd8 22. Qe2 Qg5+ 23. Kf1 Qc1+ 24. Qe1 Qa3 25. Qe3 Qxa4 26. Kg2
Qc6 27. Qd3 b5 28. Kf1 Qc4 29. Qxc4 bxc4 0-1

[Event "OP-2013-0-02618"]
[Site "Lechenicher SchachServer"]
[Date "2013.01.31"]
[Round "?"]
[White "Torell, Harald"]
[Black "Dlugolecki, Grzegorz / Greg"]
[Result "1/2-1/2"]
[WhiteElo "2157"]
[BlackElo "1601"]
[PlyCount "38"]
[EventDate "2013.01.28"]
[EventType "tourn"]
[EventRounds "4"]

1. e4 e5 2. Nf3 Nc6 3. c3 d5 4. Qa4 f6 5. Bb5 Nge7 6. exd5 Qxd5 7. d4 e4 8. c4
Qd8 9. Nfd2 Qxd4 10. O-O Bd7 11. Nc3 a6 12. Ndxe4 Rc8 13. Bxc6 Bxc6 14. Qd1
Qxd1 15. Rxd1 Kf7 16. Be3 Nf5 17. Bc5 Bxc5 18. Nxc5 Rhe8 19. Rac1 Rcd8 1/2-1/2

[Event "OP-2013-0-02618"]
[Site "Lechenicher SchachServer"]
[Date "2013.01.31"]
[Round "?"]
[White "Torell, Harald"]
[Black "Hugo, Karl"]
[Result "1-0"]
[WhiteElo "2157"]
[BlackElo "934"]
[PlyCount "27"]
[EventDate "2013.01.28"]
[EventType "tourn"]
[EventRounds "4"]

1. e4 e5 2. Nf3 Nc6 3. c3 Nf6 4. d4 Nxe4 5. d5 Ne7 6. Nxe5 Ng6 7. Qd4 Qf6 8.
Qxe4 Qxe5 9. Qxe5+ Nxe5 10. Nd2 Bc5 11. a4 O-O 12. Ne4 Re8 13. Be2 Bb6 14. a5
1-0

[Event "corr freechess"]
[Site "freechess.de"]
[Date "2013.01.29"]
[Round "?"]
[White "Beneke, Stefan"]
[Black "Lenhart, Michael"]
[Result "0-1"]
[WhiteElo "1531"]
[BlackElo "1655"]
[PlyCount "50"]
[EventDate "2013.??.??"]
[EventType "tourn (corr)"]
[SourceTitle "OM Corr 202003"]
[Source "Opening Master"]
[SourceDate "2019.05.30"]
[SourceVersion "2"]
[SourceVersionDate "2019.05.30"]
[SourceQuality "1"]

1. e4 e5 2. Nf3 Nc6 3. c3 d5 4. Bb5 Bg4 5. h3 Bh5 6. g4 Bg6 7. Nxe5 Bxe4 8. f3
Qh4+ 9. Kf1 O-O-O 10. Bxc6 bxc6 11. Nxc6 Bd3+ 12. Kg2 Bc5 13. Qe1 Qf6 14. Nxd8
Ne7 15. b4 Bb6 16. Nxf7 Qxf7 17. a4 a5 18. bxa5 Ba7 19. Na3 Ng6 20. Nb5 Bc5 21.
Nd4 Re8 22. Qf2 Bxd4 23. Qxd4 Re2+ 24. Kg3 Be4 25. Rf1 Qf4# 0-1

[Event "corr freechess"]
[Site "freechess.de"]
[Date "2013.01.28"]
[Round "?"]
[White "Stark, Harri"]
[Black "Boetzer, Frank"]
[Result "1-0"]
[WhiteElo "1412"]
[BlackElo "1378"]
[PlyCount "101"]
[EventDate "2013.??.??"]
[EventType "tourn (corr)"]
[SourceTitle "OM Corr 202003"]
[Source "Opening Master"]
[SourceDate "2019.05.30"]
[SourceVersion "2"]
[SourceVersionDate "2019.05.30"]
[SourceQuality "1"]

1. e4 e5 2. Nf3 Nc6 3. c3 h6 4. Bc4 Nf6 5. d3 d5 6. exd5 Nxd5 7. h3 Be6 8. Qb3
b6 9. Qb5 Qd7 10. Nbd2 a6 11. Qa4 b5 12. Bxb5 Nb6 13. Bxc6 Nxa4 14. Bxd7+ Bxd7
15. Nxe5 Be6 16. O-O Bd6 17. Ndf3 O-O 18. Re1 Rab8 19. Re2 c5 20. Nc6 Rbc8 21.
Na5 Rb8 22. Nc4 Bxc4 23. dxc4 Nb6 24. b3 Rbd8 25. g3 Nd7 26. Ba3 Nf6 27. Nh4 g5
28. Nf5 Bc7 29. Nxh6+ Kh7 30. Nf5 Kg6 31. Ne7+ Kh7 32. Bxc5 Rfe8 33. Bd4 Ng8
34. Rae1 Nh6 35. Nd5 Rxe2 36. Rxe2 Bd6 37. Bf6 Rg8 38. Be5 Bc5 39. Nf6+ Kg6 40.
Nxg8 Nxg8 41. b4 Be7 42. c5 Bf6 43. Bxf6 Nxf6 44. c6 Nd5 45. Rc2 Kf6 46. c4
Nxb4 47. c7 Nxc2 48. c8=Q Nb4 49. a3 Nc2 50. Qxa6+ Kg7 51. c5 1-0

[Event "Sachsen-ch U12 Girls"]
[Site "Sebnitz"]
[Date "2013.01.27"]
[Round "6.3"]
[White "Juidiaz Hernandez, Luis Antonio"]
[Black "Reda, Lucja"]
[Result "1/2-1/2"]
[WhiteElo "2010"]
[BlackElo "1993"]
[PlyCount "48"]
[EventDate "2013.04.02"]
[EventType "swiss"]
[EventRounds "7"]
[EventCountry "GER"]
[SourceTitle "CBM 166 Extra"]
[Source "ChessBase"]
[SourceDate "2015.06.18"]
[SourceVersion "1"]
[SourceVersionDate "2015.06.18"]
[SourceQuality "1"]
[WhiteTeam "Sarvar"]
[BlackTeam "Arboretum"]
[WhiteTeamCountry "HUN"]
[BlackTeamCountry "HUN"]

1. e4 e5 2. Nf3 Nc6 3. c3 d6 4. Bb5 Bd7 5. O-O Nf6 6. Re1 a6 7. Ba4 Be7 8. d4
b5 9. Bb3 O-O 10. a4 exd4 11. cxd4 Na5 12. Bc2 Bg4 13. Qd3 b4 14. Bg5 g6 15.
Nbd2 c5 16. h3 Be6 17. d5 Bc8 18. Nc4 Nxc4 19. Qxc4 Bb7 20. Bh6 Re8 21. Rad1
Nd7 22. Bb3 Nb6 23. Qc2 Nd7 24. Qc4 Nb6 1/2-1/2

[Event "HUN-chT2 Charousek 1213"]
[Site "Hungary"]
[Date "2013.01.27"]
[Round "6"]
[White "Farkas, Gabor"]
[Black "Dankhazi, Andras"]
[Result "1-0"]
[WhiteElo "2262"]
[BlackElo "2140"]
[PlyCount "105"]
[EventDate "2012.09.16"]
[EventType "team-tourn"]
[EventRounds "11"]
[EventCountry "HUN"]
[SourceTitle "OM OTB B 201907"]
[Source "Opening Master"]
[SourceDate "2019.07.06"]
[SourceVersion "2"]
[SourceVersionDate "2019.07.06"]
[SourceQuality "1"]

1. e4 e5 2. Nf3 Nc6 3. c3 Nf6 4. d4 Nxe4 5. dxe5 d5 6. Bb5 Be7 7. Nd4 Bd7 8.
Nxc6 bxc6 9. Bd3 O-O 10. Bxe4 dxe4 11. Bf4 Rb8 12. Qe2 Bf5 13. O-O Qd3 14. Qxd3
exd3 15. b3 f6 16. Nd2 Rbe8 17. Rad1 fxe5 18. Bxe5 Bc5 19. Nf3 Bg4 20. Bd4 Bxd4
21. cxd4 Bxf3 22. gxf3 Rxf3 23. Kg2 Ref8 24. Rd2 R8f6 25. Rc1 R3f4 26. d5 cxd5
27. Rxc7 Rf7 28. Rc8+ Rf8 29. Rxf8+ Rxf8 30. Rxd3 Rd8 31. Rc3 Rd7 32. Kf3 Kf7
33. Rc6 Ke7 34. Ke3 Kd8 35. Rc5 Ke7 36. Kd4 Ke6 37. Rc6+ Kf5 38. Rc5 Ke6 39. b4
Rf7 40. Rc6+ Kd7 41. Ra6 Rxf2 42. Kxd5 Rxh2 43. Rxa7+ Kc8 44. a4 Rg2 45. b5 h5
46. b6 h4 47. a5 h3 48. Rc7+ Kd8 49. Rc1 Rg5+ 50. Kc6 Kc8 51. a6 Rg6+ 52. Kb5+
Kd7 53. a7 1-0

[Event "Biatorbagy Gal Memorial 1st"]
[Site "Biatorbagy"]
[Date "2013.01.25"]
[Round "6"]
[White "Csapo, Laszlo"]
[Black "Krapfel, Janos"]
[Result "0-1"]
[WhiteElo "1534"]
[BlackElo "1622"]
[PlyCount "84"]
[EventDate "2012.11.30"]
[EventType "swiss"]
[EventRounds "7"]
[EventCountry "HUN"]
[SourceTitle "EXT 2014"]
[Source "ChessBase"]
[SourceDate "2013.11.20"]
[SourceVersion "1"]
[SourceVersionDate "2013.11.20"]
[SourceQuality "1"]

1. e4 e5 2. Nf3 Nc6 3. c3 Nf6 4. d4 exd4 5. cxd4 Nxe4 6. Qe2 Qe7 7. Nc3 Nxc3 8.
Qxe7+ Bxe7 9. bxc3 Bf6 10. Be2 O-O 11. O-O Re8 12. Bd3 d6 13. h3 a6 14. Bd2 Bd7
15. Bg5 Bxg5 16. Nxg5 h6 17. Nf3 Re7 18. Rae1 Rae8 19. Rxe7 Rxe7 20. d5 Ne5 21.
Nxe5 Rxe5 22. c4 a5 23. Rd1 g5 24. g4 b6 25. f3 f5 26. gxf5 Bxf5 27. Bxf5 Rxf5
28. Kf2 Kf7 29. Re1 h5 30. Re4 Re5 31. Rxe5 dxe5 32. Ke3 Kg6 33. Ke4 Kf6 34. a4
h4 35. c5 bxc5 36. Kd3 Ke7 37. Kc3 Kd6 38. Kc4 c6 39. dxc6 Kxc6 40. Kc3 Kd5 41.
Kd3 c4+ 42. Kc3 Kc5 0-1

[Event "Santa Eugenia op 7th"]
[Site "Santa Eugenia"]
[Date "2013.01.25"]
[Round "3"]
[White "Saurina Suner, Francesc Xavier"]
[Black "Gultresa Boada, Isaac"]
[Result "0-1"]
[WhiteElo "1867"]
[BlackElo "1711"]
[PlyCount "105"]
[EventDate "2013.01.11"]
[EventType "swiss"]
[EventRounds "9"]
[EventCountry "ESP"]
[SourceTitle "EXT 2014"]
[Source "ChessBase"]
[SourceDate "2013.11.20"]
[SourceVersion "1"]
[SourceVersionDate "2013.11.20"]
[SourceQuality "1"]

1. e4 e5 2. Nf3 Nc6 3. c3 Nf6 4. d4 exd4 5. e5 Nd5 6. Bb5 a6 7. Bg5 Be7 8. Bxe7
Ncxe7 9. Bc4 dxc3 10. Nxc3 Nxc3 11. Qb3 Ne4 12. Bxf7+ Kf8 13. O-O-O d5 14. exd6
cxd6 15. Nd4 Ng5 16. Bh5 g6 17. h4 Nf7 18. Bf3 Nf5 19. Bd5 Nxd4 20. Rxd4 Qf6
21. Qa4 b5 22. Rf4 bxa4 23. Rxf6 Ra7 24. h5 Kg7 25. Rf4 g5 26. Rxa4 Re8 27. g4
Re2 28. f4 Rc7+ 29. Kb1 Rcc2 30. b3 Rb2+ 31. Ka1 Bxg4 32. fxg5 Bc8 33. g6 Ne5
34. Rc1 Rbc2 35. Rxc2 Rxc2 36. gxh7 Nd3 37. a3 Nc5 38. Rb4 Rc1+ 39. Kb2 Nd3+
40. Ka2 Nxb4+ 41. axb4 Kxh7 42. Kb2 Rg1 43. Be4+ Kh6 44. Bg6 Rg5 45. Kc3 Bg4
46. Kd4 Bxh5 47. Bd3 Bf7 48. Bxa6 Bxb3 49. b5 Rg4+ 50. Kc3 Be6 51. b6 Rg7 52.
Kd4 Bd7 53. Bb5 0-1

[Event "Gran Canaria Cabildo op"]
[Site "Gran Canaria"]
[Date "2013.01.24"]
[Round "5"]
[White "Cruz Pino, Adrian"]
[Black "Cisse, Moustapha"]
[Result "1-0"]
[WhiteElo "1995"]
[BlackElo "1788"]
[PlyCount "41"]
[EventDate "2013.01.10"]
[EventType "swiss"]
[EventRounds "7"]
[EventCountry "ESP"]
[SourceTitle "CBM 152 Extra"]
[Source "ChessBase"]
[SourceDate "2013.02.25"]
[SourceVersion "1"]
[SourceVersionDate "2013.02.25"]
[SourceQuality "1"]

1. e4 e5 2. Nf3 Nc6 3. c3 d5 4. Qa4 Qd6 5. Bb5 Nf6 6. exd5 Qxd5 7. O-O Bd6 8.
c4 Qc5 9. b4 Qxb4 10. Bxc6+ Kd8 11. Qxb4 Bxb4 12. Nxe5 Bc5 13. d4 bxc6 14. dxc5
Be6 15. Nxc6+ Kc8 16. Na3 Kb7 17. Nd4 Rad8 18. Rb1+ Ka6 19. Nc6 Ra8 20. Rb5 Bd7
21. Nb4# 1-0

[Event "Gibraltar Challengers-A 11th"]
[Site "Caleta"]
[Date "2013.01.24"]
[Round "4"]
[White "Vinas Guerrero, Carlos Alberto"]
[Black "Reppen, Ellisiv"]
[Result "1-0"]
[WhiteElo "2172"]
[BlackElo "2001"]
[PlyCount "91"]
[EventDate "2013.01.21"]
[EventType "swiss"]
[EventRounds "5"]
[EventCountry "ENG"]
[SourceTitle "EXT 2014"]
[Source "ChessBase"]
[SourceDate "2013.11.20"]
[SourceVersion "1"]
[SourceVersionDate "2013.11.20"]
[SourceQuality "1"]

1. e4 e5 2. Nf3 Nc6 3. c3 Nf6 4. d4 exd4 5. e5 Qe7 6. cxd4 d6 7. Bb5 Bd7 8. O-O
dxe5 9. dxe5 Ne4 10. Qe2 f5 11. Nc3 Nxc3 12. bxc3 h6 13. Re1 O-O-O 14. e6 Be8
15. a4 g5 16. Ba3 Rd6 17. Bxd6 cxd6 18. Nd4 Nxd4 19. cxd4 Bg7 20. Rac1+ Kb8 21.
Qc4 Bxb5 22. axb5 g4 23. Rc2 Bf6 24. Rec1 Qd8 25. d5 Bg5 26. Re1 h5 27. Qd4 Bf6
28. Qd3 f4 29. Qe4 Be5 30. Rec1 Qb6 31. e7 Qxb5 32. Qc4 a6 33. Qxb5 axb5 34.
Rc8+ Rxc8 35. Rxc8+ Kxc8 36. e8=Q+ Kc7 37. Qxb5 h4 38. g3 hxg3 39. hxg3 fxg3
40. fxg3 Bxg3 41. Qc4+ Kb8 42. Qxg4 Be5 43. Qc4 Ka7 44. Qb5 Bd4+ 45. Kg2 Bc5
46. Kf3 1-0

[Event "Asia zt 3.3"]
[Site "Tagaytay City"]
[Date "2013.01.24"]
[Round "4"]
[White "Andador, A."]
[Black "Paez, Alfredo"]
[Result "1/2-1/2"]
[WhiteElo "2326"]
[BlackElo "2151"]
[PlyCount "96"]
[EventDate "2013.01.22"]
[EventType "swiss"]
[EventRounds "9"]
[EventCountry "PHI"]
[SourceTitle "CBM 152 Extra"]
[Source "ChessBase"]
[SourceDate "2013.02.25"]
[SourceVersion "1"]
[SourceVersionDate "2013.02.25"]
[SourceQuality "1"]

1. e4 Nc6 2. Nf3 e5 3. c3 Nf6 4. d4 exd4 5. e5 Nd5 6. cxd4 Bb4+ 7. Bd2 d6 8.
Bb5 O-O 9. Bxc6 bxc6 10. O-O Bg4 11. Bxb4 Nxb4 12. Nbd2 Qd7 13. a3 Nd5 14. Rc1
Nf4 15. Kh1 Rab8 16. b4 d5 17. Qa4 Rb6 18. Qxa7 Bxf3 19. Nxf3 Qg4 20. Ne1 c5
21. f3 Qh5 22. e6 Rxe6 23. Qxc7 g5 24. h3 c4 25. b5 Qh4 26. b6 Qg3 27. Rg1 Rh6
28. Rf1 Re6 29. Rg1 Ne2 30. Rb1 Qxc7 31. bxc7 Nxg1 32. Kxg1 Rc6 33. Rb5 Rxc7
34. Rxd5 f6 35. Kf1 Re8 36. Nc2 Kf7 37. Rb5 c3 38. a4 Rc4 39. a5 Ra4 40. Rc5 h5
41. g4 h4 42. Rc7+ Ke6 43. Rxc3 Rxa5 44. Ke2 Kd6+ 45. Kd3 Ra2 46. Rb3 Ke7 47.
Nb4 Ra4 48. Nc2 Ra2 1/2-1/2

[Event "AZE-ch"]
[Site "Baku"]
[Date "2013.01.22"]
[Round "6"]
[White "Rasulov, Vugar Ural Oglu"]
[Black "Guliev, Sarhan"]
[Result "1-0"]
[WhiteElo "2493"]
[BlackElo "2468"]
[PlyCount "161"]
[EventDate "2013.01.16"]
[EventType "tourn"]
[EventRounds "9"]
[EventCountry "AZE"]
[EventCategory "6"]
[SourceTitle "CBM 152 Extra"]
[Source "ChessBase"]
[SourceDate "2013.02.25"]
[SourceVersion "1"]
[SourceVersionDate "2013.02.25"]
[SourceQuality "1"]

1. e4 e5 2. Nf3 Nc6 3. c3 Nf6 4. d4 Nxe4 5. d5 Ne7 6. Nxe5 Ng6 7. Qe2 Qe7 8.
Qxe4 Qxe5 9. Bd3 Bc5 10. O-O Qxe4 11. Bxe4 O-O 12. Nd2 Re8 13. Bc2 b6 14. Ne4
Ba6 15. Rd1 Be2 16. Re1 Bc4 17. Rd1 Be2 18. Re1 Ba6 19. Rd1 Bf8 20. Be3 Ne5 21.
b3 f5 22. Ng5 g6 23. c4 h6 24. Nh3 Bb7 25. Nf4 Kf7 26. h4 Bd6 27. Re1 Bb4 28.
Re2 h5 29. f3 c6 30. Rd1 Rac8 31. Kf2 Be7 32. g3 Bf6 33. a4 Kg7 34. Bc1 Nf7 35.
Red2 c5 36. Kg2 Nd6 37. Re2 Rxe2+ 38. Nxe2 Re8 39. Kf2 Be5 40. Bf4 Bxf4 41.
Nxf4 Bc8 42. Rg1 Rf8 43. Re1 Kf6 44. g4 hxg4 45. fxg4 fxg4 46. Nxg6 Re8 47.
Rxe8 Nxe8 48. Kg3 d6 49. Nf4 Ng7 50. Ne2 Nf5+ 51. Bxf5 Bxf5 52. Nc3 Ke5 53. h5
a6 54. h6 Kd4 55. Kf4 Bh7 56. Ne2+ Kd3 57. Ng3 Kc2 58. Ne4 g3 59. Nxg3 Kxb3 60.
Ne4 Kxc4 61. Nf6 Bg6 62. Kg5 Bc2 63. Nd7 b5 64. Ne5+ dxe5 65. d6 b4 66. d7 b3
67. d8=Q b2 68. Qg8+ Kc3 69. h7 Bxh7 70. Qxh7 c4 71. Qb1 Kb3 72. Kf5 c3 73. Qd3
Ka2 74. Qc4+ Ka1 75. Qxc3 Ka2 76. Qc2 Ka1 77. Kxe5 b1=Q 78. Qxb1+ Kxb1 79. Kd4
Kc2 80. a5 Kb3 81. Kc5 1-0

[Event "corr freechess"]
[Site "freechess.de"]
[Date "2013.01.22"]
[Round "?"]
[White "Boetzer, Frank"]
[Black "Westphal, Gerhard"]
[Result "0-1"]
[WhiteElo "1378"]
[BlackElo "1442"]
[PlyCount "128"]
[EventDate "2013.??.??"]
[EventType "tourn (corr)"]
[SourceTitle "OM Corr 202003"]
[Source "Opening Master"]
[SourceDate "2019.05.30"]
[SourceVersion "2"]
[SourceVersionDate "2019.05.30"]
[SourceQuality "1"]

1. e4 e5 2. Nf3 Nc6 3. c3 Nf6 4. Bc4 Bc5 5. Qb3 O-O 6. d3 h6 7. h3 Na5 8. Qb5
b6 9. b4 c6 10. Qa4 Bxf2+ 11. Kxf2 b5 12. Bxb5 cxb5 13. Qxb5 Nc6 14. Nxe5 Qb6+
15. Qxb6 axb6 16. Nxc6 dxc6 17. Re1 Be6 18. c4 b5 19. cxb5 cxb5 20. a3 Rfc8 21.
Bb2 Rc2+ 22. Re2 Rac8 23. Bxf6 gxf6 24. Nd2 Rb2 25. Nf3 Rcc2 26. Rxc2 Rxc2+ 27.
Kg1 Rc3 28. d4 Bxh3 29. a4 Bd7 30. a5 Rc8 31. d5 Kf8 32. a6 Ra8 33. a7 Ke8 34.
Nd4 Kd8 35. Nb3 Kc7 36. Nc5 Bc8 37. Kf2 Kd6 38. Kf3 f5 39. g4 fxg4+ 40. Kf4 h5
41. Nd3 h4 42. Ne1 Kc7 43. Ra5 Kb6 44. Nc2 Rxa7 45. Rxa7 Kxa7 46. e5 h3 47. Kg3
Kb6 48. Ne3 Kc7 49. Nxg4 Bxg4 50. Kh2 Kd7 51. Kg3 Ke7 52. Kh2 f5 53. Kg3 f4+
54. Kxg4 h2 55. Kf5 h1=Q 56. d6+ Kd7 57. Kxf4 Qh4+ 58. Kf5 Qxb4 59. Kf6 Qf4+
60. Kg7 Qxe5+ 61. Kf7 Qxd6 62. Kg7 Ke7 63. Kh7 Kf7 64. Kh8 Qh6# 0-1

[Event "corr freechess"]
[Site "freechess.de"]
[Date "2013.01.21"]
[Round "?"]
[White "Boetzer, Frank"]
[Black "Goettge, Markus"]
[Result "0-1"]
[WhiteElo "1378"]
[BlackElo "1398"]
[PlyCount "58"]
[EventDate "2013.??.??"]
[EventType "tourn (corr)"]
[SourceTitle "OM Corr 202003"]
[Source "Opening Master"]
[SourceDate "2019.05.30"]
[SourceVersion "2"]
[SourceVersionDate "2019.05.30"]
[SourceQuality "1"]

1. e4 e5 2. Nf3 Nc6 3. c3 Nf6 4. d3 d6 5. Be3 Bg4 6. Be2 Be7 7. h3 Bxf3 8. Bxf3
O-O 9. Qd2 h6 10. g4 Nh7 11. d4 Bg5 12. Bxg5 Nxg5 13. h4 Nxf3+ 14. Ke2 Nxd2 15.
Nxd2 exd4 16. Rag1 dxc3 17. bxc3 d5 18. f3 dxe4 19. Nxe4 Re8 20. h5 Qd5 21. g5
Qxa2+ 22. Ke3 Rad8 23. gxh6 Rxe4+ 24. fxe4 Qd2+ 25. Kf3 Ne5+ 26. Kg3 Rd3+ 27.
Kh4 Nf3+ 28. Kg4 Qg5+ 29. Kh3 Nxg1+ 0-1

[Event "Manila PSC Cup"]
[Site "Manila"]
[Date "2013.01.20"]
[Round "9"]
[White "Garma, Chito"]
[Black "Montoya, Edsel"]
[Result "1-0"]
[WhiteElo "2326"]
[BlackElo "2096"]
[PlyCount "86"]
[EventDate "2013.01.14"]
[EventType "swiss"]
[EventRounds "9"]
[EventCountry "PHI"]
[SourceTitle "EXT 2014"]
[Source "ChessBase"]
[SourceDate "2013.11.20"]
[SourceVersion "1"]
[SourceVersionDate "2013.11.20"]
[SourceQuality "1"]

1. e4 e5 2. Nf3 Nc6 3. c3 Nf6 4. d4 exd4 5. e5 Ne4 6. cxd4 Bb4+ 7. Bd2 Nxd2 8.
Nbxd2 d5 9. Bd3 Bg4 10. Bb5 O-O 11. Bxc6 bxc6 12. Rc1 f6 13. Qa4 Rb8 14. O-O
Bxd2 15. Nxd2 Rxb2 16. Rc2 Rxc2 17. Qxc2 fxe5 18. dxe5 Qg5 19. Re1 c5 20. g3 c4
21. f4 Qe7 22. Qc3 Qc5+ 23. Kg2 Rb8 24. h3 Bf5 25. g4 Bd3 26. Nf3 Qb5 27. Qd4
Qb2+ 28. Kg3 Qxd4 29. Nxd4 Be4 30. f5 c5 31. Ne6 Rb1 32. Re3 Bc2 33. Ra3 Rb7
34. Ra5 d4 35. Rxc5 d3 36. Rxc4 d2 37. Rc8+ Kf7 38. Rd8 Bb1 39. Rxd2 Re7 40.
Rb2 Bd3 41. Rb8 Re8 42. Ng5+ Ke7 43. Rb7+ Kf8 1-0

[Event "Kislovodsk op"]
[Site "Kislovodsk"]
[Date "2013.01.20"]
[Round "6"]
[White "Senkova, Darya"]
[Black "Rumiantseva, Ksenia"]
[Result "1-0"]
[WhiteElo "1836"]
[BlackElo "1903"]
[PlyCount "77"]
[EventDate "2013.01.15"]
[EventType "swiss"]
[EventRounds "9"]
[EventCountry "RUS"]
[SourceTitle "CBM 152 Extra"]
[Source "ChessBase"]
[SourceDate "2013.02.25"]
[SourceVersion "1"]
[SourceVersionDate "2013.02.25"]
[SourceQuality "1"]

1. e4 e5 2. Nf3 Nc6 3. c3 Nf6 4. d4 exd4 5. e5 Nd5 6. cxd4 d6 7. Bb5 Bd7 8. Qb3
Nb6 9. Bf4 a6 10. Ng5 Qe7 11. Bxc6 Bxc6 12. O-O d5 13. e6 f6 14. Nf7 Rg8 15.
Qh3 h6 16. Nc3 g5 17. Bg3 Bg7 18. Qh5 Kf8 19. Nxh6 Bxh6 20. Qxh6+ Qg7 21. Qh5
Nc4 22. Rae1 Re8 23. Re2 Re7 24. b3 Nb6 25. Re3 Rh8 26. Qg4 Be8 27. Qe2 Bg6 28.
a4 Bh5 29. Qb2 a5 30. Qa3 Kg8 31. Nb5 Bg4 32. Nxc7 Rxc7 33. e7 Rxe7 34. Rxe7
Qf8 35. Rfe1 Qh6 36. Re8+ Kg7 37. Qe7+ Kg6 38. Qxb7 Nd7 39. Qxd5 1-0

[Event "corr RemoteSchachS7E easy-161"]
[Site "www.remoteschach.de"]
[Date "2013.01.20"]
[Round "?"]
[White "Lindberg, Sabine"]
[Black "Klein, Werner"]
[Result "0-1"]
[WhiteElo "1645"]
[BlackElo "1769"]
[PlyCount "78"]
[EventDate "2013.??.??"]
[EventType "tourn (corr)"]
[SourceTitle "OM Corr 202003"]
[Source "Opening Master"]
[SourceDate "2019.05.30"]
[SourceVersion "2"]
[SourceVersionDate "2019.05.30"]
[SourceQuality "1"]

1. e4 e5 2. Nf3 Nc6 3. c3 Nf6 4. d4 exd4 5. Nxd4 Nxd4 6. Qxd4 d5 7. exd5 Nxd5
8. c4 Qe7+ 9. Be2 Nb6 10. c5 Qxc5 11. Qxc5 Bxc5 12. b3 O-O 13. h4 Be6 14. O-O
Rad8 15. Be3 Bxe3 16. fxe3 Rd6 17. Nc3 a6 18. Ne4 Rd5 19. Nc3 Re5 20. e4 f5 21.
Rf4 g6 22. g3 h6 23. exf5 Rexf5 24. Bc4 Bxc4 25. bxc4 Rxf4 26. gxf4 Rxf4 27.
Re1 Rxc4 28. Ne4 Rc2 29. Nf6+ Kf7 30. Ne8 Rxa2 31. Nxc7 Ra4 32. h5 gxh5 33. Re8
Rc4 34. Rc8 Nxc8 35. Nd5 a5 36. Ne3 b5 37. Nf5 a4 38. Ne3 a3 39. Nxc4 bxc4 0-1

[Event "Las Palmas Insular-chT Pref"]
[Site "Las Palmas"]
[Date "2013.01.19"]
[Round "6.1"]
[White "Gutierrez Olivares, Daniel"]
[Black "Garcia Padron, Jose"]
[Result "0-1"]
[WhiteElo "2367"]
[BlackElo "2396"]
[PlyCount "150"]
[EventDate "2012.11.10"]
[EventType "team-tourn"]
[EventRounds "14"]
[EventCountry "ESP"]
[SourceTitle "EXT 2014"]
[Source "ChessBase"]
[SourceDate "2013.11.20"]
[SourceVersion "1"]
[SourceVersionDate "2013.11.20"]
[SourceQuality "1"]
[WhiteTeam "Real Club Victoria"]
[BlackTeam "Canarias de Las Palmas"]
[WhiteTeamCountry "ESP"]
[BlackTeamCountry "ESP"]

1. e4 e5 2. Nf3 Nc6 3. c3 d6 4. d4 Bd7 5. Bc4 Qe7 6. O-O h6 7. b4 Nf6 8. b5 Na5
9. Bd3 Bg4 10. Nbd2 Nd7 11. Qa4 b6 12. Ne1 Qd8 13. Nc2 Be7 14. Ne3 Be6 15. g3
Bh3 16. Re1 Bf6 17. Rb1 g6 18. f4 Bg7 19. f5 Bf6 20. Nd1 g5 21. Nf2 g4 22. Nxh3
gxh3 23. Bf1 h5 24. Bxh3 Rg8 25. Nc4 Nxc4 26. Qxc4 Ke7 27. Be3 h4 28. g4 Qc8
29. Kf2 a6 30. bxa6 Qxa6 31. Qxa6 Rxa6 32. Re2 Bg5 33. Bxg5+ Rxg5 34. Kf3 Nf6
35. Rb5 Nd7 36. Bf1 Ra4 37. Rd2 Rg8 38. Rbb2 Nf6 39. h3 Nh7 40. Rb4 Ra3 41. Rb3
Ng5+ 42. Ke3 Rga8 43. dxe5 dxe5 44. Rxa3 Rxa3 45. Kd3 b5 46. Rb2 c6 47. Bg2 Kd6
48. Kd2 Kc5 49. Rc2 f6 50. Kc1 Ra4 51. Re2 Kc4 52. Kb2 Kd3 53. Rf2 Ke3 54. Rf1
Ke2 55. Rc1 Kf2 56. Rc2+ Kg3 57. Rd2 Nxh3 58. Bxh3 Kxh3 59. Rd6 Kxg4 60. Rxf6
Rxe4 61. Rf8 Rf4 62. f6 Kg5 63. f7 Kg6 64. Re8 Kxf7 65. Rxe5 Kf6 66. Rh5 Kg6
67. Rh8 Kg5 68. Kb3 Kg4 69. Rh6 h3 70. a4 Rxa4 71. Rxc6 h2 72. Rh6 Kg3 73. Rg6+
Rg4 74. Rh6 Rh4 75. Rg6+ Kh3 0-1

[Event "RM-2013-0-00114"]
[Site "Lechenicher SchachServer"]
[Date "2013.01.19"]
[Round "?"]
[White "Nichols, Scott"]
[Black "Frendzas, Panayotis"]
[Result "0-1"]
[WhiteElo "2262"]
[BlackElo "2392"]
[PlyCount "104"]
[EventDate "2013.01.07"]
[EventType "tourn"]
[EventRounds "6"]
[SourceTitle "OM Corr 202003"]
[Source "Opening Master"]
[SourceDate "2019.05.30"]
[SourceVersion "2"]
[SourceVersionDate "2019.05.30"]
[SourceQuality "1"]

1. e4 e5 2. Nf3 Nc6 3. c3 Nf6 4. d4 exd4 5. e5 Nd5 6. Bc4 Nb6 7. Bb3 d5 8. cxd4
Bg4 9. Be3 Bb4+ 10. Nc3 f6 11. h3 Bh5 12. g4 Bg6 13. O-O Qd7 14. Ne2 O-O-O 15.
Nf4 Be4 16. a3 Be7 17. Rc1 h5 18. Nd2 fxe5 19. dxe5 g5 20. e6 Qe8 21. Nxh5 Bg6
22. Bxb6 axb6 23. Bc2 Bxh5 24. gxh5 Rxh5 25. Bf5 Qh8 26. Rc3 g4 27. Bxg4 Rg8
28. Rg3 Rxh3 29. Bxh3 Rxg3+ 30. fxg3 Qxh3 31. b4 Qxg3+ 32. Kh1 Qh3+ 33. Kg1
Qxa3 34. Qb3 Qxb4 35. Qxb4 Bxb4 36. Rf6 Kd8 37. Nf3 Bd6 38. Rf5 Ke7 39. Rxd5
Kxe6 40. Rd1 b5 41. Kf2 Kd7 42. Ke2 Ne7 43. Ng5 c6 44. Ne4 Nd5 45. Nxd6 Kxd6
46. Kd3 b4 47. Rh1 Kc5 48. Kc2 Kb5 49. Rh5 Ka4 50. Rh8 c5 51. Ra8+ Kb5 52. Rh8
c4 0-1